| 000 | 01223nam a22001577a 4500 | ||
|---|---|---|---|
| 041 | _aukr | ||
| 080 | _a09 | ||
| 090 | _bВАС | ||
| 100 | _aВасюкович М.Б. | ||
| 245 | _aКомунікативно-когнітивні особливості політичного дискурсу | ||
| 260 |
_aОстрог _bКАФ _c2009 |
||
| 300 | _a75 | ||
| 520 |
_aВСТУП
РОЗДІЛ 1 ПОЛІТИЧНИЙ ДИСКУРС ЯК ОБЄКТ ЛІНГВІСТИЧНИХ ДОСЛІДЖЕНЬ
1.1 Історія розвитку політичного дискурсу.
1.2 Методи дослідження політичного дискурсу.
1.3 Основні різновиди політичного дискурсу.
РОЗДІЛ 2 КОМУНІКАТИВНО-КОГНІТИВНИЙ АНАЛІЗ ПОЛІТИЧНОГО ДИСКУРСУ
2.1 Комунікативне вираження політичного дискурсу.
2.2 Когнітивний вплив на формування політичного дискурсу.
2.3 Когнітивний аналіз політичних статей.
ВИСНОВКИ _0політичний дискурс |
||
| 650 | _aResearch Papers | ||
| 999 |
_c284173 _d284173 |
||
| 942 | _cBK | ||